EC state aid policy - the need for reform?

Zmluvy Európskej komisie (EK) o štátnej pomoci. Definícia štátnej pomoci. Kompatibilita štátnej pomoci so spoločným trhom. Procedurálne pravidlá. Vývoj regulácie štátnej pomoci EK. Kritika politiky štátnej pomoci EK.

Guardado en:
Detalles Bibliográficos
Autor principal: Mogyorosiová, Zuzana, 1975-
Otros Autores: Báráňová-Čiderová, Denisa, 1977-
Formato: Capítulo de libro
Lenguaje:inglés
Materias:
Etiquetas: Agregar Etiqueta
Sin Etiquetas, Sea el primero en etiquetar este registro!

MARC

LEADER 00000naa$a2200000$$$4500
001 0025626
005 20240502071422.8
041 0 |a eng 
044 |a SK 
245 1 0 |a EC state aid policy - the need for reform?  |c Zuzana Mogyorosiová, Denisa Baráňová-Čiderová 
520 |a Zmluvy Európskej komisie (EK) o štátnej pomoci. Definícia štátnej pomoci. Kompatibilita štátnej pomoci so spoločným trhom. Procedurálne pravidlá. Vývoj regulácie štátnej pomoci EK. Kritika politiky štátnej pomoci EK. 
610 2 0 |a pomoc štátna 
610 2 0 |a zmluvy 
610 2 0 |a zmluvy medzinárodné 
610 2 0 |a regulácia 
610 2 0 |a kritika 
610 2 0 |a Európska komisia 
100 1 |a Mogyorosiová, Zuzana, 1975- 
700 1 |a Báráňová-Čiderová, Denisa, 1977-